Statistics for Countries Hidden in a Letter #2

Click here to take the quiz!

General Stats

  • This quiz has been taken 26,299 times
  • The average score is 12 of 21

Answer Stats

Country% Correct
Armenia
83%
Mexico
81%
Tunisia
80%
Kuwait
66%
Costa Rica
64%
Zambia
63%
Iceland
61%
Libya
60%
Grenada
56%
Liberia
56%
Guyana
55%
Spain
49%
Iran
47%
Monaco
47%
Sweden
46%
Argentina
44%
Georgia
44%
Estonia
41%
Uganda
38%
Chile
37%
Eritrea
35%

Score Distribution

Percentile by Number Answered

Percent of People with Each Score

Your Score History

You have not taken this quiz